| 000 | 02430cam a22006374i 4500 | ||
|---|---|---|---|
| 003 | PE-LiUPU | ||
| 005 | 20250731170450.0 | ||
| 008 | 150706s2007 sp a r 000 0 spa d | ||
| 020 | _a8449320879 | ||
| 020 | _a9788449320873 | ||
| 035 | _a(Sirsi) i9788449320873 | ||
| 040 |
_aPE-LiUPU _bspa _cPE-LiUPU _dPE-LiUPU _erda |
||
| 049 | _aPRUA | ||
| 082 | 0 | 4 |
_a153.12 _bN38 _221 |
| 100 | 1 |
_aNelson, Aaron P., _eautor. |
|
| 245 | 1 | 0 |
_aMemoria : _btodo lo que se necesita saber para no olvidarse de las cosas / _cAaron P. Nelson, Susan Gilbert. |
| 264 | 1 |
_aBarcelona : _bPaidós, _c2007. |
|
| 300 |
_a254 páginas : _bilustraciones ; _c23 centímetros. |
||
| 336 |
_atext _2rdacontent |
||
| 337 |
_aunmediated _2rdamedia |
||
| 338 |
_avolume _2rdacarrier |
||
| 490 | 0 |
_aCuerpo y salud ; _v70 |
|
| 500 | _aTraducción de: Harvard Medical School guideEn la cubierta: Harvard Medical School. | ||
| 505 | 0 | _a¿Qué es la memoria? -- Cómo recordamos -- Nos pasa a todos: lapsus y distorsiones normales de la memoria -- Cómo envejece el cerebro -- Las causas de los problemas de la memoria -- Cuándo acudir al médico -- Los trastornos de la memoria -- Medicamentos para mejorar la memoria -- Prevención y decisión: métodos para mejorar la memoria -- Métodos prácticos para mejorar la memoria -- El futuro. | |
| 526 | _aSEG68 | ||
| 526 | _aSEG70 | ||
| 526 | _aSEG69 | ||
| 526 | _aSEG67 | ||
| 526 | _aSEG43 | ||
| 526 | _aP144 | ||
| 526 | _aP143 | ||
| 526 | _aP131 | ||
| 526 | _aP122 | ||
| 526 | _aP120 | ||
| 526 | _aP117 | ||
| 526 | _aP112 | ||
| 526 | _aP110 | ||
| 526 | _aP106 | ||
| 526 | _aP101 | ||
| 526 | _aP80 | ||
| 526 | _aP59 | ||
| 526 | _aP54 | ||
| 526 | _aP35 | ||
| 526 | _aP33 | ||
| 526 | _aP30 | ||
| 541 | _g10579; | ||
| 650 | 0 | 4 | _aMemoria. |
| 650 | 0 | 4 | _aMnemotécnica. |
| 700 | 1 |
_aGilbert, Susan, _eautor. |
|
| 910 |
_bjv _clchd20100815 |
||
| 942 |
_2ddc _cBOOK |
||
| 949 |
_a153.12 N38 _wDEWEY _c1 _i62010 _d2016-9-20 _e2016-9-18 _lCCODEBUL1 _mBUL _n7 _p34.00 _r0 _sY _tBOOK _u2015-7-6 _xTEOLOGIA _PP35 _0COMPRA _o.STAFF. Colección Ciencias de la Salud |
||
| 994 |
_aC0 _bPEPRU |
||
| 596 | _a1 | ||
| 999 |
_a153.12 N38 _wDEWEY _c51124 _i62010 _d51124 _e2018-6-22 _f2021-11-3 _g5 _lCCODEBUL1 _mBUL _n12 _p34.00 _r0 _sY _tBOOK _u2015-7-6 _xSALUD _zUNKNOWN _0COMPRA _o.STAFF. Colección Ciencias de la Salud |
||
| 980 |
_81 _gALBERTO SANCHEZ Responsable de Automatización |
||